Truyền thuyết hoa hồng Tuyển tập truyện ngắn

Zapisane w:
Opis bibliograficzny
Format: Książka
Język:Vietnamese
Wydane: H. Văn học 1985
Sôphia Sviat
Seria:Văn học hiện đại nước ngoài. Văn học Bungari
Hasła przedmiotowe:
Etykiety: Dodaj etykietę
Nie ma etykietki, Dołącz pierwszą etykiete!
Thư viện lưu trữ: Mạng thư viện Đại học Đà Nẵng
LEADER 01133nam a22003618a 4500
001 000014526
003 10893
005 20120507100539.0
008 120507s1985 b 000 0 vieod
020 |c 17000đ  |d 30000b 
041 0 |a vie 
041 0 |a dịch bungari 
082 |a 891.83  |b Tru 
084 |a V6(4Bu)7-44  |b TR527T 
245 1 0 |a Truyền thuyết hoa hồng  |b Tuyển tập truyện ngắn 
260 |a H. 
260 |a Sôphia  |b Văn học 
260 |b Sviat  |c 1985 
300 |a 336tr  |c 21cm 
490 |a Văn học hiện đại nước ngoài. Văn học Bungari 
653 |a Văn học hiện đại 
653 |a truyện ngắn 
653 |a Bungari 
OWN |a LSP 
AVA |a UDN50  |b LSP  |d 891.83 Tru  |e available  |t Error 5001 Not defined in file expand_doc_bib_avail.  |f 1  |g 0  |h N  |i 0  |k 1 
999 |a From the UDN01 
AVA |a UDN50  |b LSP  |d 891.83 Tru  |e available  |t Error 5001 Not defined in file expand_doc_bib_avail.  |f 1  |g 0  |h N  |i 0  |k 1 
TYP |a Monograph 
TYP |a Printed language 
980 |a Mạng thư viện Đại học Đà Nẵng